Program EÚ na spoluprácu medzi SR a Poľskom

Do roku 2005 EÚ vyčlení štyri milióny eur, najmä pre podnikateľskú infraštruktúru. Podpora projektov na rozvoj podnikateľskej infraštruktúry medzi SR a Poľskom. Činnosť Agentúry pre regionálny rozvoj v Žiline. Podpora v rámci programu PHARE Cezhraničná spolupráca.

Gespeichert in:
Bibliographische Detailangaben
1. Verfasser: Hudec, Marián
Format: Buchkapitel
Sprache:Slowakisch
Schlagworte:
Tags: Tag hinzufügen
Keine Tags, Fügen Sie das erste Tag hinzu!

MARC

LEADER 00000naa$a2200000$$$4500
001 0003030
005 20230925123442.5
041 0 |a slo 
044 |a SK 
245 1 0 |a Program EÚ na spoluprácu medzi SR a Poľskom  |c aut. Marián Hudec 
520 |a Do roku 2005 EÚ vyčlení štyri milióny eur, najmä pre podnikateľskú infraštruktúru. Podpora projektov na rozvoj podnikateľskej infraštruktúry medzi SR a Poľskom. Činnosť Agentúry pre regionálny rozvoj v Žiline. Podpora v rámci programu PHARE Cezhraničná spolupráca. 
610 2 0 |a podpora podnikania 
610 2 0 |a programy rozvojové 
610 2 0 |a projekty 
610 2 0 |a Poľsko 
610 2 0 |a rozvoj regionálny 
610 2 0 |a Slovensko 
610 2 0 |a spolupráca cezhraničná 
100 1 |a Hudec, Marián